000 00995nam a2200277 i 4500
001 000030387
003 DO-SdBNP
005 20230926145338.0
007 ta
008 110516s19uu dr 000 0 spa d
040 _aDO-SdBNP
_bspa
_cBNPHU
049 _a
082 4 _a373.27
_bR426p
_222
110 1 _aRepública Dominicana.
_bMinisterio de Educación, Bellas Artes y Cultos
_957024
245 1 0 _aProgramas de la educación secundaria :
_b1er curso
264 _aSanto Domingo :
_bMinisterio de Educación, Bellas Artes y Cultos,
_c[195-?].
300 _a39 páginas ;
_c22 cm.
336 _2rdacontent
_atexto
_btxt
337 _2rdamedia
_asin mediación
_bn
338 _2rdacarrier
_avolumen
_bnc
590 _aInventariado,2020/VM
650 4 _aEducación secundaria
_v
_xPlanes de estudio
_zRepública Dominicana
_977261
650 4 _aActividades estudiantiles
_zRepública Dominicana
_x
_977260
910 _aVMateo.Validado. Control de calidad. MAA
942 _2ddc
_cLBS1
999 _c29879
_d29879